000 01027cam a22003374a 4500
001 13341652
003 OSt
005 20140310182657.0
008 030912s2004 njua b 001 0 eng
010 _a 2003062447
020 _a9814058076
040 _aDLC
_cDLC
_dDLC
042 _apcc
050 0 0 _aHB 171.5
_b.C337 2000
082 0 0 _aM 330
_222
_bC26 2000
100 1 _aCase, Karl E.
245 1 0 _aPrinciples of economics
_cCase, Karl E.
250 _a5th ed.
260 _aUpper Saddle River, N.J.
_bPearson/Prentice Hall
_cc2000
300 _a1 v. (various pagings)
_bcol. ill.
_c28 cm.
504 _aIncludes bibliographical references and index.
521 _aCollege student
526 _c1210L to 1700L
541 _j1
562 _efor circulation.1 copy available in the collection
650 0 _aEconomics.
700 1 _aFair, Ray C.
906 _a7
_bcbc
_corignew
_d1
_eocip
_f20
_gy-gencatlg
942 _2lcc
_cBK
_kM
999 _c15139
_d15139